Planning and design of library buildings (Record no. 10632)

000 -LEADER
fixed length control field 00294nam a2200121 4500
003 - CONTROL NUMBER IDENTIFIER
control field OSt
005 - DATE AND TIME OF LATEST TRANSACTION
control field 20220429190542.0
008 - FIXED-LENGTH DATA ELEMENTS--GENERAL INFORMATION
fixed length control field 220429b ||||| |||| 00| 0 eng d
082 ## - DEWEY DECIMAL CLASSIFICATION NUMBER
Classification number 727.8
100 ## - MAIN ENTRY--PERSONAL NAME
Personal name Thompson, Godfrey, 1921-
245 ## - TITLE STATEMENT
Title Planning and design of library buildings
942 ## - ADDED ENTRY ELEMENTS (KOHA)
Source of classification or shelving scheme
Holdings
Withdrawn status Lost status Source of classification or shelving scheme Damaged status Koha normalized classification for sorting Not for loan Permanent location Current location Date acquired Total Checkouts Full call number Barcode Date last seen Date last borrowed Price effective from Non-public note Koha item type Public note
        727_800000000000000   BMS College of Architecture, Design and Planning BMS College of Architecture, Design and Planning 2022-04-29 1 727.8 AR-DB328 2024-07-27 2024-06-27 2022-04-29 Donated by Raja Subramanyam, Architect and Engineer , VV Puram, Benagaluru Donated Book Donated by Raja Subramanyam, Architect and Engineer , VV Puram, Bengaluru
Copyright © 2025, The Librarian, Library and Information Centre, BMSCA D&P, Bengaluru. All Rights Reserved
web counter

Powered by Koha